000 00405nam a22001335i 4500
001 173585
003 ES-MaACL
005 20230906215259.0
008 091210s1968 sp |||| | spa d
245 0 0 _aAnuario comercial e industrial de Elda y Petrel 1968/69.
260 _aElda :
_bEduardo Navarro Pastor,
_c1968.
300 _a330 p., [2] h. plan. pleg. :
_bil. ;
_c21 cm.
852 _aES-MaACL
_jC-48356
999 _c173585
_d173585